al-Tịbb al-Misṛī al-qadīm /

محفوظ في:

المؤلف الرئيسي: Kamāl, Ḥasan.

التنسيق: كتاب

اللغة: Arabic

منشور في: [Cairo] : al-Muʼassasah al-Misṛīyah al-ʻĀmmah lil-Taʼlīf wa-al-Tarjamah wa-al-Tịbāʻah wa-al-Nashr, 1964.

الطبعة: al-Tạbʻah 2.

الموضوعات:

الوسوم: إضافة وسم

لا توجد وسوم, كن أول من يضع وسما على هذه التسجيلة!

رقم الطلب: R135 .K3 v.1-2

LEADER 01152nam a2200289Ia 4500
003 OSt
005 20240320074338.0
008 130303s1964 ua a b 000 0 ara d
952 |0 0  |1 0  |2 lcc  |3 V.1-2  |4 0  |6 R0135 K3 V.00001-00002  |7 1  |9 30886  |a ARCE  |b ARCE  |d 2022-01-25  |l 0  |o R135 .K3 v.1-2  |p 1032073  |r 2022-01-25 00:00:00  |w 2022-01-25  |y BK 
999 |c 29477  |d 29477 
010 |a ne 65000304 
040 |c ARCE Library 
043 |a f-ua--- 
050 4 |a R135 .K3 v.1-2 
100 1 |6 880-01  |a Kamāl, Ḥasan. 
245 1 3 |6 880-02  |a al-Tịbb al-Misṛī al-qadīm /   |c li-Hạsan Kamāl. 
250 |a al-Tạbʻah 2. 
264 1 |a [Cairo] :   |b al-Muʼassasah al-Misṛīyah al-ʻĀmmah lil-Taʼlīf wa-al-Tarjamah wa-al-Tịbāʻah wa-al-Nashr,   |c 1964. 
300 |a 2 volumes in 1 :   |b illustrations ;  |c 24 cm. 
504 |a Includes bibliographical references.  
555 |a Hadeer 
555 |a wafaa.lib 
650 0 |a Medicine, Egyptian. 
880 1 |6 100-01/(3/r  |a كمال، حسن‪‪‪‪‪‪‪‪‪‪‪‪‪‪‪‪‪‪ 
880 1 2 |6 245-02/(3/r  |a الطب المصري القديم   |c لحسن كمال 
901 |a reviewed 
942 |c BK  |2 lcc